Zackiermac Traveled Countries Quiz Stats

 Plays Quiz not verified by Sporcle

Challenge
Share
Tweet
Embed
Score 0/13 Timer 04:00
0 Plays Today
Answer % Correct
United States
100%
Canada
93.8%
Turkey
68.8%
Greece
68.8%
Germany
68.8%
India
43.8%
South Africa
43.8%
Hungary
43.8%
Slovakia
37.5%
Czechia
37.5%
Portugal
0%
Spain
0%
Andorra
0%

You're not logged in!

Compare scores with friends on all Sporcle quizzes.
Join for Free
OR
Log In

You Might Also Like...

Show Comments

Extras

Top Quizzes Today


Score Distribution

Your Account Isn't Verified!

In order to create a playlist on Sporcle, you need to verify the email address you used during registration. Go to your Sporcle Settings to finish the process.

Report this User

Report this user for behavior that violates our Community Guidelines.

Details: